[Event "VIII Russian WomenClub Championship"]
[Site "Dagomys"]
[Date "2007.05.05"]
[Round "5"]
[White "Nebolsina, Vera"]
[Black "Gromova, Iulia"]
[Result "1-0"]
[WhiteElo "2297"]
[BlackElo "2252"]
[Annotator ""]
[Source ""]
[Remark ""]

1.e4 c6 2.d4 d5 3.exd5 cxd5 4.c4 Nf6 5.Nc3 g6 6.cxd5 Nxd5 7.Bb5+
Nc6 8.Nf3 Bg7 9.Qb3 Nxc3 10.bxc3 O-O 11.O-O a6 12.Bxc6 bxc6 13.Ba3
Be6 14.Qb4 Bf6 15.Ne5 c5 16.Qxc5 Rc8 17.Nc6 Qc7 18.Nxe7+ Bxe7
19.Qxe7 Qxc3 20.Bc5 Rfe8 21.Qh4 Bd5 22.Be7 Qc6 23.f3 Qb6 24.Rfe1
Rc2 25.Bc5 Qc6 26.Rxe8+ Qxe8 27.Re1 Qc8 28.Qe7 h5 29.Qg5 Bxa2
30.Re5 a5 31.h4 a4 32.Qh6 Bb3 33.Be7 Rc6 34.d5 Ra6 35.Ba3 Ra8
36.Bb2 Qc5+ 37.Kh1 Qf8 38.Qh8+ 1-0

[Event "VIII Russian WomenClub Championship"]
[Site "Dagomys"]
[Date "2007.05.05"]
[Round "5"]
[White "Kuzevanova, Evgenia"]
[Black "Shevtchenko, Olesya"]
[Result "1-0"]
[WhiteElo "2176"]
[BlackElo "2168"]
[Annotator ""]
[Source ""]
[Remark ""]

1.e4 c6 2.d4 d5 3.e5 Bf5 4.Nd2 e6 5.Nb3 Nd7 6.Nf3 a6 7.Be3 Qc7
8.Be2 c5 9.c3 h6 10.O-O cxd4 11.Nbxd4 Bh7 12.c4 dxc4 13.Rc1 b5
14.a4 Qb6 15.axb5 axb5 16.b3 Ba3 17.Ra1 Ne7 18.bxc4 b4 19.Nb5
O-O 20.Qb3 Qb8 21.Nxa3 bxa3 22.Rxa3 Rxa3 23.Qxa3 Nc6 24.Rd1 Ndxe5
25.Bc5 Nxf3+ 26.Bxf3 Rc8 27.Bd6 Qb6 28.c5 Qb5 29.Qe3 Bg6 30.h3
Qa4 31.Qc3 Qc2 32.Qxc2 Bxc2 33.Ra1 Bb3 34.Rb1 Bd5 35.Be2 Nd4
36.Ba6 Ra8 37.Rb8+ Rxb8 38.Bxb8 f6 39.f3 Kf7 40.Kf2 e5 41.Bd3
g6 42.Bd6 Nf5 43.Bc7 Ke6 44.Bb5 Ne7 45.Bd6 Nf5 46.Bc7 Ne7 47.Ba5
Nc6 48.Bd2 g5 49.Ba6 Kf7 50.Bb5 Ke6 51.Bc3 e4 52.fxe4 Bxe4 53.Bc4+
Bd5 54.Bxd5+ Kxd5 55.Bxf6 Kxc5 56.Kf3 Kd5 57.Kg4 Ne5+ 58.Bxe5
Kxe5 59.Kh5 g4 60.Kxg4 Kf6 61.Kf4 h5 62.h4 Kg6 63.Ke5 Kg7 64.Kf5
Kh6 65.Kf6 Kh7 66.Kg5 1-0

[Event "VIII TchRUS W"]
[Site "Sochi"]
[Date "2007.05.06"]
[Round "6"]
[White "Ivanova, Yulija"]
[Black "Bannikova, Anastasia"]
[Result "1-0"]
[WhiteElo "2155"]
[BlackElo "2185"]
[Annotator ""]
[Source ""]
[Remark ""]

1.e4 c5 2.Nf3 Nc6 3.Bb5 g6 4.Bxc6 bxc6 5.O-O Bg7 6.Re1 e5 7.c3
d6 8.h3 Qb6 9.Na3 Ba6 10.d3 Ne7 11.Rb1 O-O 12.Bg5 Qc7 13.Qd2
Bc8 14.Nc2 f5 15.Bh6 fxe4 16.dxe4 Bxh3 17.Bxg7 Kxg7 18.Nxe5 Be6
19.Nf3 Ng8 20.Rbd1 Rad8 21.b3 Bg4 22.Re3 Bxf3 23.Rxf3 Rxf3 24.gxf3
Qf7 25.Qe3 Nf6 26.c4 Qe7 27.Ne1 Nh5 28.Ng2 Rf8 29.Qd3 Rf6 30.Qc3
Kg8 31.Qe3 Qe5 32.Qd2 Ng7 33.Qd3 g5 34.Ne3 h5 35.Kg2 Ne6 36.Kf1
Nd4 37.Nf5 Nxf5 38.exf5 Kf7 39.Qe4 Rxf5 40.Qxc6 Qe8 41.Qxd6 Re5
42.Qc7+ Kf6 43.Qxa7 Qe7 44.Qb8 Kg7 45.Qc8 Qf7 46.a4 Qf6 47.a5
Re7 48.Qxc5 g4 49.fxg4 Re5 50.Qc7+ Kg6 51.Rd6 Re6 52.Rxe6 Qxe6
53.Qb6 1-0

[Event "VIII TchRUS W"]
[Site "Sochi"]
[Date "2007.05.06"]
[Round "6"]
[White "Guseva, Marina"]
[Black "Zaiatz, Elena"]
[Result "0-1"]
[WhiteElo "2320"]
[BlackElo "2387"]
[Annotator ""]
[Source ""]
[Remark ""]

1.d4 Nf6 2.c4 e6 3.Nc3 Bb4 4.e3 b6 5.Bd3 Bb7 6.Nf3 Ne4 7.O-O
Bxc3 8.bxc3 O-O 9.Qc2 f5 10.Nd2 Qh4 11.f3 Nxd2 12.Bxd2 d6 13.Be1
Qe7 14.e4 fxe4 15.Bxe4 Bxe4 16.Qxe4 Nd7 17.Bh4 Qf7 18.Qc6 Rac8
19.Rae1 Rfe8 20.f4 Nb8 21.Qf3 Nd7 22.g4 c5 23.d5 exd5 24.Qxd5
Qxd5 25.cxd5 c4 26.Be7 Kf7 27.Bxd6 Nf6 28.g5 Nxd5 29.Be5 Ne7
30.f5 Nc6 31.Bg3 Rxe1 32.Rxe1 Ne7 33.Rf1 Rc5 34.f6 Nf5 35.fxg7
Kxg7 36.Bf4 Ra5 37.Rf2 Ne7 38.h4 Kg6 39.Kg2 Kh5 40.Rd2 Kg4 41.Bg3
Nf5 42.Bf2 Nxh4+ 43.Bxh4 Kxh4 44.Rd7 Kxg5 45.Rxh7 Kf4 46.Kf2
Rxa2+ 47.Ke1 Ke3 48.Kd1 Rf2 49.Kc1 a5 50.Rd7 a4 51.Rd4 a3 52.Kb1
b5 53.Rd5 b4 54.cxb4 c3 0-1

[Event "VIII TchRUS W"]
[Site "Sochi"]
[Date "2007.05.06"]
[Round "6"]
[White "Gaponenko, Inna"]
[Black "Zdebskaja, Natalia"]
[Result "1-0"]
[WhiteElo "2451"]
[BlackElo "2335"]
[Annotator ""]
[Source ""]
[Remark ""]

1.e4 c5 2.c3 e6 3.d4 d5 4.exd5 Qxd5 5.Nf3 Nf6 6.Bd3 Nc6 7.O-O
cxd4 8.cxd4 Be7 9.Nc3 Qd6 10.Nb5 Qd8 11.Bf4 Nd5 12.Bg3 a6 13.Nc3
O-O 14.Rc1 Nf6 15.Re1 b6 16.a3 Bb7 17.Bb1 Rc8 18.Ba2 b5 19.b4
Qb6 20.d5 exd5 21.Nxd5 Nxd5 22.Bxd5 Rcd8 23.Qb3 Nd4 24.Bxf7+
Rxf7 25.Nxd4 Qxd4 26.Rxe7 Bd5 27.Qe3 Qxe3 28.Rxe3 Bc4 29.h4 Rfd7
30.Kh2 Rd3 31.Bf4 Rxe3 32.Bxe3 Kf7 33.a4 Ke6 34.a5 Rd5 35.g4
Ke5 36.Re1 Ke4 37.Kg3 Rd3 38.f3+ Kd5 39.h5 Bb3 40.h6 g6 41.Bc5
Bd1 42.Re7 Rxf3+ 43.Kg2 Rd3 44.g5 Bg4 45.Rxh7 Ke4 46.Re7+ Kf5
47.h7 1-0

[Event "VIII TchRUS W"]
[Site "Sochi"]
[Date "2007.05.06"]
[Round "6"]
[White "Zakurdjaeva, Irina"]
[Black "Chistiakova, Tamara"]
[Result "1/2-1/2"]
[WhiteElo "2286"]
[BlackElo "2337"]
[Annotator ""]
[Source ""]
[Remark ""]

1.e4 c5 2.Nf3 d6 3.d4 cxd4 4.Nxd4 Nf6 5.Nc3 Nc6 6.Be2 e5 7.Nb3
Be7 8.O-O a5 9.Bg5 O-O 10.Bxf6 Bxf6 11.Nd5 Bg5 12.Bg4 Be6 13.a4
Ne7 14.Bxe6 fxe6 15.Nxe7+ Bxe7 16.Qe2 Qb6 17.Qc4 Rf6 18.Nd2 Raf8
19.Nf3 Qc6 20.Qxc6 bxc6 21.Rad1 Rb8 22.b3 Rff8 23.Rfe1 Rfd8 24.Nd2
d5 25.exd5 Rxd5 26.Nc4 Bb4 27.Rf1 Rbd8 28.Rxd5 cxd5 29.Nxe5 Rc8
30.c4 Bc3 31.Nd3 dxc4 32.bxc4 Rxc4 33.Rc1 Kf8 34.Kf1 Ke7 35.Nb2
Rc7 36.Nd1 Be5 37.Rxc7+ Bxc7 38.Nc3 Kd7 39.Ke2 Kc6 40.Ne4 Kd5
41.Kd3 Bxh2 42.g3 Bg1 43.Ke3 Kc4 44.Ng5 Kb4 45.Nxh7 Kxa4 46.Ng5
Kb4 47.Nxe6 a4 48.Nd4 Kc4 49.Nc2 Kc3 50.Na3 Kb3 51.Nb5 a3 1/2-1/2

[Event "VIII TchRUS W"]
[Site "Sochi"]
[Date "2007.05.06"]
[Round "6"]
[White "Ubiennykh, Ekaterina"]
[Black "Paehtz, Elisabeth"]
[Result "0-1"]
[WhiteElo "2302"]
[BlackElo "2438"]
[Annotator ""]
[Source ""]
[Remark ""]

1.e4 g6 2.d4 Bg7 3.Nc3 d6 4.Be3 a6 5.f4 Nd7 6.Qf3 b5 7.a4 b4
8.Nd1 Bb7 9.Bd3 f5 10.g4 Nh6 11.Nf2 c5 12.Ne2 Nxg4 13.Nxg4 fxg4
14.Qxg4 Nf6 15.Qh3 Qc8 16.Qxc8+ Rxc8 17.Ng3 Ng4 18.Bg1 Bxd4 19.Bxd4
cxd4 20.h3 Ne3 21.Kd2 e5 22.Ne2 exf4 23.Nxd4 O-O 24.Rh2 a5 25.Rg1
Nc4+ 26.Bxc4+ Rxc4 27.Kd3 Ba6 28.b3 Rc3+ 29.Kd2 Rg3 30.Rgh1 Re8
31.Re1 f3 32.Ke3 h5 33.Kf2 h4 34.Nxf3 Rf8 35.Re3 g5 36.Rg2 Rc8
37.Nd4 Rxg2+ 38.Kxg2 Bb7 39.Kf3 Kh7 40.Ke2 Rc5 41.Kd2 Bc8 42.Ne2
Kg6 43.Rd3 Kh5 44.Ng1 Rc3 45.Rxc3 bxc3+ 46.Ke3 g4 47.Ne2 gxh3
48.Kf2 Kg4 49.Nxc3 Kf4 50.Nb5 Bg4 51.Nxd6 Bd1 52.Kg1 Bxc2 53.Kh2
Bxb3 54.Kxh3 Bxa4 55.Kxh4 Bd7 56.e5 a4 57.Nc4 Be6 58.Na3 Kxe5
59.Kg3 Kd4 60.Kf2 Kc3 61.Ke1 Kb2 0-1

[Event "VIII TchRUS W"]
[Site "Sochi"]
[Date "2007.05.06"]
[Round "6"]
[White "Vasilevich, Irina"]
[Black "Airapetian, Tatevik"]
[Result "1-0"]
[WhiteElo "2380"]
[BlackElo "2234"]
[Annotator ""]
[Source ""]
[Remark ""]

1.e4 c5 2.Nf3 d6 3.d4 cxd4 4.Qxd4 Nc6 5.Bb5 Bd7 6.Bxc6 Bxc6 7.Nc3
Nf6 8.Bg5 h6 9.Bxf6 gxf6 10.O-O-O e6 11.Qd3 Qd7 12.Nd4 O-O-O
13.f4 Rg8 14.g3 Kb8 15.Rhf1 Rc8 16.f5 Be7 17.Qe2 Bd8 18.Qh5 Rh8
19.Rd3 Qe7 20.Rfd1 a6 21.Nde2 Bc7 22.Kb1 Rcg8 23.h4 Qf8 24.Nf4
Qe7 25.Rf1 Ba5 26.fxe6 Bxc3 27.exf7 Rg7 28.Rxc3 Bxe4 29.Rc4 Rf8
30.Qe2 f5 31.h5 Qxf7 32.Ng6 Re8 33.Rb4 Ka8 34.Qd2 Qe6 35.Ka1
Rc7 36.c3 Rc5 37.Nf4 Qg8 38.Qxd6 Rc6 39.Qd7 Rc5 40.Ng6 Rd8 41.Qe7
Ra5 42.a3 Bc6 43.Qe3 Rad5 44.Rc1 Rd3 45.Qxh6 Qe6 46.Rd4 R8xd4
47.cxd4 Rxg3 48.Qf8+ Ka7 49.Qc5+ Ka8 50.Ne7 Be4 51.Nc8 1-0

[Event "VIII TchRUS W"]
[Site "Sochi"]
[Date "2007.05.06"]
[Round "6"]
[White "Meshcheriakova, Evgenia"]
[Black "Kursova, Maria"]
[Result "0-1"]
[WhiteElo "2309"]
[BlackElo "2324"]
[Annotator ""]
[Source ""]
[Remark ""]

1.e4 c5 2.Nf3 e6 3.Nc3 a6 4.d4 cxd4 5.Nxd4 Nc6 6.f4 Nxd4 7.Qxd4
b5 8.Be3 Bb7 9.Be2 Rc8 10.a3 Ne7 11.O-O Nc6 12.Qd3 Be7 13.Rad1
d6 14.Bc1 O-O 15.Qh3 b4 16.axb4 Nxb4 17.Bd3 Nxd3 18.Rxd3 Qb6+
19.Kh1 Bf6 20.Re1 Qf2 21.Qg3 Qxg3 22.hxg3 Rfd8 23.Bd2 h5 24.Kh2
Rc4 25.e5 dxe5 26.Rxd8+ Bxd8 27.Rxe5 g6 28.Re2 Bf6 29.Kh3 a5
30.Re1 a4 31.Re3 Bc6 32.Rd3 e5 33.b3 axb3 34.cxb3 Rd4 35.Rxd4
exd4 36.Na4 Kf8 37.Kh2 Ke7 38.Kg1 Ke6 39.Kf2 Be7 40.Nb6 Kf5 41.Nc8
Bf8 42.Na7 Bd5 43.b4 Ke4 44.b5 Kd3 45.Ke1 Bc5 46.Nc6 Kc4 47.Ne5+
Kxb5 48.Nd3 Bd6 49.Kf2 f6 50.Ne1 Bb4 51.Ke2 Bxd2 52.Kxd2 Be4
53.Ke2 Kb4 0-1

[Event "VIII TchRUS W"]
[Site "Sochi"]
[Date "2007.05.06"]
[Round "6"]
[White "Kovanova, Baira"]
[Black "Melnikova, Yana"]
[Result "1-0"]
[WhiteElo "2331"]
[BlackElo "2305"]
[Annotator ""]
[Source ""]
[Remark ""]

1.e4 d6 2.d4 g6 3.Nc3 Bg7 4.Be3 a6 5.Qd2 b5 6.Bd3 Bb7 7.a4 b4
8.Nce2 a5 9.Ng3 Nd7 10.Nf3 c5 11.c3 h5 12.h4 bxc3 13.bxc3 Qc7
14.O-O Ngf6 15.Rfe1 Ng4 16.Bg5 c4 17.Bc2 e5 18.dxe5 dxe5 19.Qe2
O-O 20.Nh2 Ngf6 21.Qe3 Kh7 22.Rab1 Nc5 23.Rb5 Rfc8 24.f4 Ba6
25.Rbb1 Nd3 26.Rf1 exf4 27.Bxf4 Nxf4 28.Qxf4 Qc5+ 29.Kh1 Re8
30.Nf3 Ra7 31.Rb8 Qe7 32.e5 Nd5 33.Rxe8 Qxe8 34.Qe4 Rd7 35.Ng5+
Kh8 36.Nxh5 Qxe5 37.Nxg7 Qxe4 38.Bxe4 Kxg7 39.Bxd5 Rxd5 40.Rxf7+
Kg8 41.Rf6 Bb7 42.Rxg6+ 1-0

[Event "VIII TchRUS W"]
[Site "Sochi"]
[Date "2007.05.06"]
[Round "6"]
[White "Ushenina, Anna"]
[Black "Shadrina, Tatiana"]
[Result "1-0"]
[WhiteElo "2475"]
[BlackElo "2378"]
[Annotator ""]
[Source ""]
[Remark ""]

1.d4 d5 2.c4 c6 3.Nf3 Nf6 4.Nc3 e6 5.Bg5 h6 6.Bxf6 Qxf6 7.Qc2
dxc4 8.e3 g6 9.Bxc4 Bg7 10.h4 h5 11.Ne5 O-O 12.f4 b6 13.O-O-O
Bb7 14.Ne4 Qe7 15.Ng5 Nd7 16.Nexf7 Rxf7 17.Bxe6 Raf8 18.Qxg6
Nf6 19.e4 Bc8 20.f5 Qc7 21.e5 Bxe6 22.fxe6 Re7 23.Rhf1 1-0

[Event "VIII TchRUS W"]
[Site "Sochi"]
[Date "2007.05.06"]
[Round "6"]
[White "Shen, Yang"]
[Black "Iljushina, Olga"]
[Result "1-0"]
[WhiteElo "2440"]
[BlackElo "2281"]
[Annotator ""]
[Source ""]
[Remark ""]

1.d4 Nf6 2.Nf3 e6 3.c4 b6 4.g3 Ba6 5.b3 Bb4+ 6.Bd2 Be7 7.Bg2
c6 8.Bc3 d5 9.Nbd2 O-O 10.O-O Nbd7 11.Re1 c5 12.dxc5 Nxc5 13.Ne5
Rc8 14.Bb2 Nce4 15.Nxe4 dxe4 16.a4 Qc7 17.Qd4 Rfd8 18.Qc3 Bc5
19.e3 h5 20.h3 Qe7 21.Red1 Rxd1+ 22.Rxd1 Bb4 23.Qd4 Bc5 24.Qd2
Bb4 25.Qe2 Bb7 26.g4 hxg4 27.hxg4 Rd8 28.g5 Nd7 29.g6 Nxe5 30.Rxd8+
Qxd8 31.Bxe5 Qg5 32.gxf7+ Kxf7 33.Bf4 Qf5 34.Qb2 Be7 35.Qd4 Bc6
36.Bg3 Qc5 37.Bb8 a6 38.Bc7 Bf6 39.Qd2 Bxa4 40.Bd6 Bc3 41.Qxc3
Qxd6 42.bxa4 Qd1+ 43.Kh2 Qxa4 44.Qd4 Qb4 45.Bxe4 a5 46.Bc6 Qb1
47.Qd7+ Kf6 48.Qd8+ Kg6 49.Qe8+ Kf6 50.Qf8+ Kg6 51.Qf4 Qb2 52.Be4+
Kh5 53.Kg3 Qf6 54.Qg4+ Kh6 55.Qh3+ 1-0

[Event "VIII TchRUS W"]
[Site "Sochi"]
[Date "2007.05.06"]
[Round "6"]
[White "Nebolsina, Vera"]
[Black "Sharevich, Anna"]
[Result "1-0"]
[WhiteElo "2297"]
[BlackElo "2323"]
[Annotator ""]
[Source ""]
[Remark ""]

1.e4 c5 2.Nc3 e6 3.Nge2 a6 4.g3 b5 5.Bg2 Bb7 6.O-O Qc7 7.d4 cxd4
8.Nxd4 Nf6 9.Re1 b4 10.Na4 Nc6 11.e5 Nxd4 12.Qxd4 Ng8 13.Bxb7
Qxb7 14.Nb6 Rb8 15.Be3 Ne7 16.Rad1 Rd8 17.Qxb4 Nc6 18.Qe4 Be7
19.Rd3 Qc7 20.Nc4 Nb4 21.Nd6+ Bxd6 22.exd6 Qxc2 23.Qh4 Nc6 24.Rc3
Qxb2 25.Rxc6 O-O 26.Rxa6 Rb8 27.Qd4 Qc2 28.Ra7 e5 29.Qxe5 Rfe8
30.Qd5 Qc3 31.Rf1 Rbd8 32.Bb6 Rb8 33.Rxd7 Rf8 34.Bd4 Qd3 35.Qe5
f6 36.Qe6+ Kh8 37.Qg4 Rg8 38.Rd1 Qc4 39.Rc7 Qxa2 40.d7 Qa6 41.Rdc1
Rbd8 42.Rc8 1-0

[Event "VIII TchRUS W"]
[Site "Sochi"]
[Date "2007.05.06"]
[Round "6"]
[White "Hou, Yifan"]
[Black "Mongontuul, Bathuyag"]
[Result "1-0"]
[WhiteElo "2513"]
[BlackElo "2388"]
[Annotator ""]
[Source ""]
[Remark ""]

1.e4 e5 2.Nf3 Nc6 3.Bb5 Nf6 4.O-O Nxe4 5.d4 Nd6 6.Bxc6 dxc6 7.dxe5
Nf5 8.Qxd8+ Kxd8 9.Nc3 Bd7 10.h3 Ne7 11.Rd1 Ke8 12.Bf4 h6 13.Rd2
Ng6 14.e6 Bxe6 15.Bxc7 Rc8 16.Bg3 Bb4 17.a3 Bxc3 18.bxc3 Rd8
19.Re2 Kd7 20.Nd4 Rhe8 21.Rd1 Ke7 22.Rd3 c5 23.Bd6+ Kd7 24.Nxe6
fxe6 25.Bxc5+ Kc6 26.Rxd8 Rxd8 27.Bxa7 e5 28.Re4 h5 29.Rc4+ Kb5
30.Rb4+ Ka6 31.Bc5 1-0

[Event "VIII TchRUS W"]
[Site "Sochi"]
[Date "2007.05.06"]
[Round "6"]
[White "Gunina, Valentina"]
[Black "Lagno, Katerina"]
[Result "1/2-1/2"]
[WhiteElo "2308"]
[BlackElo "2468"]
[Annotator ""]
[Source ""]
[Remark ""]

1.d4 Nf6 2.c4 e6 3.Nf3 d5 4.Nc3 dxc4 5.e4 Bb4 6.Bg5 c5 7.Bxc4
cxd4 8.Nxd4 Bxc3+ 9.bxc3 Qa5 10.Bb5+ Bd7 11.Bxf6 gxf6 12.Be2
Qxc3+ 13.Kf1 Ke7 14.h4 Ba4 15.Rc1 Bxd1 16.Rxc3 Bxe2+ 17.Kxe2
Rd8 18.Rd1 Na6 19.Ke3 Rac8 20.Rxc8 Rxc8 21.Nb5 Nb4 22.Nxa7 Ra8
23.Nb5 Ra5 24.Nd6 Ra3+ 25.Ke2 Nxa2 26.Nc8+ Ke8 27.Nd6+ Kf8 28.Rd4
Nc1+ 29.Kf1 Rd3 1/2-1/2

[Event "VIII TchRUS W"]
[Site "Sochi"]
[Date "2007.05.06"]
[Round "6"]
[White "Ambartsumova, Karina"]
[Black "Kochetkova, Julia"]
[Result "1/2-1/2"]
[WhiteElo "2201"]
[BlackElo "2320"]
[Annotator ""]
[Source ""]
[Remark ""]

1.e4 e5 2.Nf3 Nc6 3.Bb5 a6 4.Ba4 Nf6 5.O-O b5 6.Bb3 Be7 7.Re1
O-O 8.c3 d6 9.h3 Re8 10.d4 h6 11.Nbd2 Bf8 12.Nf1 Bb7 13.Ng3 Na5
14.Bc2 c5 15.d5 c4 16.Nh2 Bc8 17.f4 exf4 18.Bxf4 Nb7 19.Nf3 Nc5
20.Nd4 Ncd7 21.Qf3 Ne5 22.Qf2 Ng6 23.Nc6 Qc7 24.Bxh6 Bd7 25.Nd4
Ng4 26.hxg4 gxh6 27.Nh5 Be7 28.Rf1 Rf8 29.Nf6+ Bxf6 30.Qxf6 Bxg4
31.e5 dxe5 32.Nc6 Bd7 33.Bxg6 Bxc6 34.Be4 Bxd5 35.Bxd5 Qc5+ 36.Kh1
Qxd5 37.Rf3 Kh7 38.Qf5+ Kh8 39.Qf6+ Kh7 40.Qf5+ Kh8 41.Qf6+ Kh7 1/2-1/2

[Event "VIII TchRUS W"]
[Site "Sochi"]
[Date "2007.05.06"]
[Round "6"]
[White "Korbut, Ekaterina"]
[Black "Ovod, Evgenija"]
[Result "0-1"]
[WhiteElo "2429"]
[BlackElo "2384"]
[Annotator ""]
[Source ""]
[Remark ""]

1.e4 e6 2.d4 d5 3.Nc3 Nf6 4.e5 Nfd7 5.f4 c5 6.Nf3 Nc6 7.Be3 a6
8.Qd2 b5 9.a3 Qa5 10.Ra2 Qb6 11.g3 cxd4 12.Nxd4 Bc5 13.Nce2 b4
14.axb4 Nxb4 15.Ra1 f6 16.exf6 Nxf6 17.Bg2 Ng4 18.Bg1 e5 19.fxe5
Nxe5 20.Qg5 Ra7 21.Kd1 Re7 22.c3 h6 23.Qe3 Nc4 24.Qf3 Nxb2+ 25.Kc1
N2d3+ 26.Kd1 Ne5 27.Qe3 Nbd3 28.Qd2 Bg4 29.Bxd5 Rf8 30.Be3 Nc4
31.Bc6+ Qxc6 32.Nxc6 Nxe3+ 0-1

[Event "VIII TchRUS W"]
[Site "Sochi"]
[Date "2007.05.06"]
[Round "6"]
[White "Lupik, Marina"]
[Black "Demina, Julia"]
[Result "1/2-1/2"]
[WhiteElo "2215"]
[BlackElo "2330"]
[Annotator ""]
[Source ""]
[Remark ""]

1.d4 Nf6 2.c4 e6 3.Nc3 d5 4.Nf3 Be7 5.Bg5 h6 6.Bh4 O-O 7.e3 b6
8.Rc1 Bb7 9.a3 dxc4 10.Bxc4 Nbd7 11.O-O c5 12.Qe2 Ne4 13.Bxe7
Qxe7 14.Rfd1 Rfd8 15.Ba6 Ndf6 16.Bxb7 Qxb7 17.Nxe4 Nxe4 18.h3
Rac8 19.dxc5 bxc5 20.Ne5 Rd5 21.Nc4 Rcd8 22.Qc2 Qd7 23.Rxd5 exd5
24.Nd2 Nxd2 25.Qxd2 Qb5 26.Qc3 c4 27.Qd4 Rc8 28.Rc2 a5 29.Rd2
Rc5 30.e4 dxe4 31.Qxe4 Rc8 32.Qd5 Qb6 33.Qf5 Rd8 34.Rxd8+ Qxd8
35.Qc5 Qd1+ 36.Kh2 Qc2 37.Qxa5 Qxb2 38.Qa8+ Kh7 39.Qe4+ g6 40.Qxc4
Qxf2 41.a4 Qf6 42.Qc7 h5 43.a5 h4 44.Kg1 Qd4+ 45.Kh1 Qa1+ 46.Kh2
Qf6 47.Qb8 Kg7 48.Qb5 Qf4+ 49.Kg1 Qd4+ 50.Kf1 Qf4+ 51.Ke1 Qg3+
52.Kf1 Qf4+ 53.Kg1 1/2-1/2

[Event "VIII TchRUS W"]
[Site "Sochi"]
[Date "2007.05.06"]
[Round "6"]
[White "Turova, Irina"]
[Black "Akatova, Ekaterina"]
[Result "1-0"]
[WhiteElo "2386"]
[BlackElo "2204"]
[Annotator ""]
[Source ""]
[Remark ""]

1.d4 g6 2.e4 Bg7 3.Nc3 c6 4.h3 d6 5.f4 e5 6.Be3 Qh4+ 7.Bf2 Qxf4
8.d5 c5 9.Nf3 a6 10.Bd3 Ne7 11.O-O Qh6 12.Nd2 g5 13.Nc4 Nd7 14.a4
Rb8 15.a5 Qg6 16.Na4 h5 17.Be3 g4 18.h4 Bh6 19.Bxh6 Rxh6 20.g3
Nf8 21.Qd2 Bd7 22.Nc3 Nc8 23.Rab1 Na7 24.b4 cxb4 25.Rxb4 Nb5
26.Nxb5 Bxb5 27.Ne3 Bxd3 28.cxd3 Nd7 29.Nf5 Rh7 30.Rc1 Nc5 31.Rb6
Kd7 32.Rxd6+ Qxd6 33.Nxd6 Kxd6 34.Qb4 1-0

[Event "VIII TchRUS W"]
[Site "Sochi"]
[Date "2007.05.06"]
[Round "6"]
[White "Ivkina, Olga"]
[Black "Sudakova, Irina"]
[Result "0-1"]
[WhiteElo "2198"]
[BlackElo "2371"]
[Annotator ""]
[Source ""]
[Remark ""]

1.e4 e5 2.Nf3 Nc6 3.Bb5 a6 4.Ba4 f5 5.d4 exd4 6.e5 Bc5 7.O-O
Nge7 8.b4 Bxb4 9.Ng5 h6 10.Qh5+ g6 11.Qh4 Nd5 12.Bb3 Be7 13.f4
Nxf4 14.Bxf4 Bxg5 15.Qg3 Ne7 16.Bxg5 hxg5 17.Qxg5 d5 18.c3 d3
19.Nd2 c5 20.c4 dxc4 21.Nxc4 Qd4+ 22.Kh1 Qh4 23.Nd6+ Kd7 24.Qxh4
Rxh4 25.Rad1 Rd4 26.Rf3 Nc6 27.Rfxd3 Ke7 28.Rxd4 cxd4 29.Bd5
Nxe5 30.Rxd4 Rb8 31.Nxc8+ Rxc8 32.Rd1 Rd8 33.Bb3 Rxd1+ 34.Bxd1
Kd6 35.Kg1 Kc5 36.Kf2 Kd4 37.Bb3 b5 38.h4 a5 39.Kg3 Ke3 40.Bd5
b4 41.Bb3 Nd3 42.Bf7 a4 43.h5 gxh5 44.Bxh5 b3 0-1

[Event "VIII TchRUS W"]
[Site "Sochi"]
[Date "2007.05.07"]
[Round "7"]
[White "Zhao, Xue"]
[Black "Bronnikova, Elizaveta"]
[Result "1-0"]
[WhiteElo "2467"]
[BlackElo "2287"]
[Annotator ""]
[Source ""]
[Remark ""]

1.d4 Nf6 2.c4 g6 3.Nc3 Bg7 4.e4 d6 5.Nf3 O-O 6.Be2 e5 7.Be3 Ng4
8.Bg5 f6 9.Bc1 c6 10.O-O Nd7 11.Rb1 Qe7 12.d5 f5 13.Ng5 Ndf6
14.f3 Nh6 15.c5 Kh8 16.dxc6 dxc5 17.cxb7 Bxb7 18.Qb3 Rab8 19.Qe6
Rfe8 20.Qxe7 Rxe7 21.Be3 Rc8 22.Bc4 Nd7 23.Rfd1 Bf6 24.Bd5 Ba6
25.Ne6 f4 26.Bf2 Ree8 27.Rbc1 Bd8 28.Nxd8 Rexd8 29.Be6 Nb6 30.Bxc8
Rxc8 31.Nd5 Nc4 32.Rc2 Nf7 33.Rdc1 1-0

[Event "VIII TchRUS W"]
[Site "Sochi"]
[Date "2007.05.07"]
[Round "7"]
[White "Severiukhina, Zoja"]
[Black "Vasilevich, Irina"]
[Result "1-0"]
[WhiteElo "2269"]
[BlackElo "2380"]
[Annotator ""]
[Source ""]
[Remark ""]

1.e4 c5 2.Nf3 e6 3.d4 cxd4 4.Nxd4 Nc6 5.Nc3 a6 6.Nxc6 bxc6 7.Bd3
d5 8.O-O Nf6 9.Qe2 Be7 10.b3 O-O 11.Bb2 Bb7 12.Rad1 Qc7 13.Rfe1
Rfe8 14.e5 Nd7 15.Na4 c5 16.c4 d4 17.Bc1 Bc6 18.Nb2 Qb7 19.Qg4
g6 20.Bc2 a5 21.Nd3 a4 22.Nf4 Bf8 23.Nh5 axb3 24.axb3 Kh8 25.Bg5
Ra2 26.Bd3 Be7 27.Bxe7 Rxe7 28.Qf4 Bxg2 29.Qh6 f5 30.exf6 Qf3
31.Re2 Bh1 32.Nf4 Rf7 33.Be4 Qxe4 34.Rxe4 Bxe4 35.Nxe6 Nxf6 36.Ng5
Rg7 37.Nxe4 Nxe4 38.Qf4 Nxf2 39.Qf8+ Rg8 40.Qf6+ Rg7 41.Rf1 Nh3+
42.Kh1 h6 43.Qh4 Ng5 44.Qxh6+ Nh7 45.Rf8+ Rg8 46.Rf7 1-0

[Event "VIII TchRUS W"]
[Site "Sochi"]
[Date "2007.05.07"]
[Round "7"]
[White "Kursova, Maria"]
[Black "Bannikova, Anastasia"]
[Result "1-0"]
[WhiteElo "2324"]
[BlackElo "2185"]
[Annotator ""]
[Source ""]
[Remark ""]

1.d4 Nf6 2.Nf3 g6 3.c4 Bg7 4.g3 d5 5.cxd5 Nxd5 6.Bg2 O-O 7.O-O
c6 8.h3 Nd7 9.e4 N5b6 10.Nc3 h6 11.Bf4 Nf6 12.b3 g5 13.Bc1 g4
14.hxg4 Bxg4 15.Be3 Bh5 16.Qd2 Ng4 17.Bf4 e5 18.dxe5 Qxd2 19.Bxd2
Rfd8 20.Bf4 Nd7 21.Nd4 Bg6 22.Rad1 Ngxe5 23.Nf5 Bxf5 24.exf5
Nc5 25.Ne4 Ncd3 26.f6 Bf8 27.Bd2 a5 28.f4 Ng4 29.Bf3 h5 30.Kg2
Nb2 31.Rb1 Rxd2+ 32.Nxd2 Ne3+ 33.Kh2 Nxf1+ 34.Nxf1 Nd3 35.Rd1
Nf2 36.Rd7 Ng4+ 37.Kh3 Nxf6 38.Rxb7 Re8 39.Nd2 Re3 40.Bxc6 Re2
41.Nf3 Rxa2 42.Ne5 Rc2 43.Bb5 Ne4 44.Bc4 Nd6 45.Bxf7+ Nxf7 46.Nxf7
Bb4 47.Ng5 Rc3 48.f5 Rxb3 49.f6 a4 50.Rg7+ Kf8 51.Ne6+ Ke8 52.f7+ 1-0

[Event "VIII TchRUS W"]
[Site "Sochi"]
[Date "2007.05.07"]
[Round "7"]
[White "Deriabina, Svetlana"]
[Black "Kovanova, Baira"]
[Result "1/2-1/2"]
[WhiteElo "2133"]
[BlackElo "2331"]
[Annotator ""]
[Source ""]
[Remark ""]

1.d4 d5 2.c4 c6 3.e3 Nf6 4.Nf3 a6 5.Nbd2 b5 6.b3 Bg4 7.Qc2 Nbd7
8.Bd3 e6 9.O-O Be7 10.Bb2 Rc8 11.Rac1 Bxf3 12.Nxf3 O-O 13.Ne5
Nb6 14.c5 Nbd7 15.f4 g6 16.Bc3 Nxe5 17.fxe5 Ng4 18.Qe2 f5 19.exf6
Nxf6 20.Rf4 Qd7 1/2-1/2

[Event "VIII TchRUS W"]
[Site "Sochi"]
[Date "2007.05.07"]
[Round "7"]
[White "Airapetian, Tatevik"]
[Black "Matveeva, Svetlana"]
[Result "0-1"]
[WhiteElo "2234"]
[BlackElo "2406"]
[Annotator ""]
[Source ""]
[Remark ""]

1.e4 e6 2.d4 d5 3.Nc3 Bb4 4.e5 c5 5.a3 Bxc3+ 6.bxc3 Ne7 7.Nf3
b6 8.Bb5+ Bd7 9.Bd3 Ba4 10.O-O c4 11.Be2 h6 12.g3 Kd7 13.Nh4
Qg8 14.f4 Nbc6 15.f5 g5 16.Ng2 Nxf5 17.Bh5 Rf8 18.Rxf5 exf5 19.Ne3
Ne7 20.Bf3 f6 21.Rb1 Qe6 22.Rb4 Bc6 23.a4 Kc7 24.exf6 Rxf6 25.Qd2
Re8 26.Rb1 Ng6 27.Rb5 Qxe3+ 28.Qxe3 Rxe3 29.Bxe3 Bxb5 30.axb5
Kd6 31.Bc1 Ke6 32.Kg2 Nh8 33.Bh5 Nf7 34.Bxf7+ Rxf7 35.Kf3 Re7
36.Ba3 Re8 37.Bc1 Kf6 38.Kf2 Kg6 39.Ba3 a6 40.bxa6 Ra8 41.Bd6
Rxa6 42.Ke3 b5 43.Bb4 Ra2 44.h4 Rxc2 45.hxg5 hxg5 46.Ba5 Kh5
47.Kf3 Rd2 0-1

[Event "VIII TchRUS W"]
[Site "Sochi"]
[Date "2007.05.07"]
[Round "7"]
[White "Muzychuk, Anna"]
[Black "Meshcheriakova, Evgenia"]
[Result "1-0"]
[WhiteElo "2474"]
[BlackElo "2309"]
[Annotator ""]
[Source ""]
[Remark ""]

1.e4 e5 2.Nf3 Nc6 3.d4 exd4 4.Bc4 Nf6 5.e5 d5 6.Bb5 Ne4 7.Nxd4
Bd7 8.Bxc6 bxc6 9.O-O Bc5 10.Be3 Bb6 11.f3 Ng5 12.f4 Ne4 13.Nd2
c5 14.N4b3 Nxd2 15.Nxd2 f5 16.c3 Be6 17.Qe2 c4 18.b3 cxb3 19.Nxb3
O-O 20.a4 Rb8 21.Bd4 Qe7 22.a5 Bxd4+ 23.Nxd4 Qc5 24.Qe3 Rfe8
25.Nxf5 Qxe3+ 26.Nxe3 Rb3 27.f5 d4 28.cxd4 Rxe3 29.fxe6 Rxe6
30.Rab1 h6 31.Rfc1 Rd3 32.Rb4 Re7 33.Kf2 Rd2+ 34.Ke3 Rxg2 35.Rb7
Rxh2 36.Rcxc7 Rxc7 37.Rxc7 a6 38.d5 Kf8 39.d6 Rh1 40.Rc8+ Kf7
41.d7 1-0

[Event "VIII TchRUS W"]
[Site "Sochi"]
[Date "2007.05.07"]
[Round "7"]
[White "Chasovnikova, Eugenia"]
[Black "Tairova, Elena"]
[Result "0-1"]
[WhiteElo "2288"]
[BlackElo "2414"]
[Annotator ""]
[Source ""]
[Remark ""]

1.d4 d5 2.c4 c6 3.Nc3 Nf6 4.Bg5 Nbd7 5.e3 e6 6.cxd5 exd5 7.Bd3
Be7 8.Qc2 O-O 9.Nge2 Re8 10.O-O Ne4 11.Bf4 Nxc3 12.Bxh7+ Kh8
13.bxc3 g6 14.Bxg6 fxg6 15.Qxg6 Bf6 16.Ng3 Nf8 17.Qh6+ Kg8 18.Nh5
Kf7 19.Be5 Bxe5 20.dxe5 Rxe5 21.f4 Re4 22.Qg7+ Ke6 23.Ng3 Rc4
24.e4 Kd6 25.f5 Kc5 26.Rab1 b5 27.Rfd1 Bd7 28.Qh6 Kb6 29.exd5
Qe7 30.d6 Qe5 31.Kh1 Re8 32.f6 Rf4 33.Rf1 Rxf1+ 34.Rxf1 Qxd6
35.c4 a6 36.Qc1 c5 37.f7 Re5 38.Qf4 Bc6 39.h4 Qe6 40.Kh2 Qe7
41.h5 bxc4 42.h6 c3 43.Rc1 Qg5 44.Qxg5 Rxg5 45.Rxc3 Rg6 46.Nf5
Rxg2+ 47.Kh3 Rf2 48.Nd6 Bd5 49.a4 Kc6 50.Nc4 Bxc4 51.Rxc4 Rxf7
52.Kg4 Kd5 53.Rc1 c4 54.Kg5 Kd4 55.Rd1+ Ke3 56.Rd6 Rc7 57.Rxa6
c3 58.Ra8 c2 0-1